000 01017cab a2200301 4500
001 ABS52922
008 090401t1995 xxu||||| |||| 00| 0 eng d
035 _a(Sirsi) u895
041 _aeng
100 _aPower, G.
245 _aSpain: Madrid recovers
260 _c1995
350 _a0
490 _aEuroProperty
_vMay 1995, 29-32(4)
520 _aExamines the property market in Madrid, recovering despite office rents amongst the lowest in Europe. Argues that the rate of recovery depends upon the performance of the economy as a whole.
650 _aBUSINESS PARKS
650 _aMADRID
650 _aPROPERTY-COMMERCIAL PROPERTY-OFFICE PROPERTY-OFFICE PROPERTY MARKET
650 _aOFFICE RENTS
650 _aPRIME RENTS
650 _aPROPERTY-COMMERCIAL PROPERTY-RETAIL PROPERTY-RETAIL PROPERTY MARKET
650 _aSHOPPING CENTRES
650 _aSPAIN
690 _aPROPERTY-COMMERCIAL PROPERTY-COMMERCIAL PROPERTY MARKET
690 _aOVERSEAS-EUROPE
942 _n0
948 _c04/03/1997
999 _c500
_d500